| 000 | 00722nam a2200205Ia 4500 | ||
|---|---|---|---|
| 003 | 0 | ||
| 005 | 20250125094653.0 | ||
| 008 | 150126s9999 xx 000 0 und d | ||
| 050 |
_aPGS P 96.T42 _b.W872 2014 |
||
| 100 | _aWon, Kwon Ji. | ||
| 245 |
_aMobile phone usage and communication skills / _cKwon Ji Won. |
||
| 260 |
_aLas PiƱas City, Philippines : _bSouthville International School and Colleges, _c2014. |
||
| 300 |
_a24 p. : _bill. ; _c28 cm. |
||
| 504 | _aIncludes bibliographical references. | ||
| 650 | _aMobile communication systems. | ||
| 650 |
_aCommunication skills _vStudy and teaching. |
||
| 650 | _aInterpersonal communication in adolescence. | ||
| 650 | _aTechnology and youth. | ||
| 942 |
_2lcc _cPASS |
||
| 999 |
_c278636 _d278636 |
||